Normal view
MARC view
- AHSAN, MUHAMMAD KHAN, SHAHMEER
Entry Personal Name
001 - CONTROL NUMBER
- control field: 71658
003 - CONTROL NUMBER IDENTIFIER
- control field: NUST
005 - DATE AND TIME OF LATEST TRANSACTION
- control field: 20210628204649.0
008 - FIXED-LENGTH DATA ELEMENTS
- fixed length control field: 210628|| aca||aabn | a|a d
040 ## - CATALOGING SOURCE
- Original cataloging agency: NUST
- Transcribing agency: NUST
100 ## - HEADING--PERSONAL NAME
- Personal name: AHSAN, MUHAMMAD KHAN, SHAHMEER
670 ## - SOURCE DATA FOUND
- Source citation: Work cat.: (NUST): AHSAN, MUHAMMAD KHAN, SHAHMEER, PR-SOF-1355-BIO INSPIRED FLAPPING WING MODEL BASED ON CORVUS SPLENDENS, 2014
